| 000 | 00398nam a22001577a 4500 | ||
|---|---|---|---|
| 005 | 20251121150747.0 | ||
| 082 | _a510 SHI | ||
| 100 |
_aShikhi M _9941 |
||
| 100 |
_aTonny K B _9942 |
||
| 245 | _aEngineering Mathematics 1 :Mathematics for Electrical Science and Physical Science 1 | ||
| 250 | _a1 | ||
| 260 |
_aOwl Books _bTrivandrum _c2024 |
||
| 546 | _aEnglish | ||
| 650 |
_aAPS _95 |
||
| 942 | _cBK | ||
| 999 |
_c38034 _d38034 |
||